[Event "IECC O email"]
[Site "IECC email"]
[Date "2000.04.19"]
[Round "?"]
[White "Nuttman, Stephanie"]
[Black "Harrison, Malcolm"]
[Result "0-1"]
[WhiteElo "1200"]
[BlackElo "1143"]
[PlyCount "58"]
[EventDate "2000.??.??"]
[EventType "tourn (corr)"]
[EventRounds "6"]
[SourceTitle "Corr 2008"]
[Source "ChessBase"]
[SourceDate "2008.06.24"]
[SourceVersion "1"]
[SourceVersionDate "2008.06.24"]
[SourceQuality "1"]

1. e4 c6 2. d4 d5 3. e5 Na6 4. Nf3 Bf5 5. Bd3 Bxd3 6. Qxd3 f6 7. 0-0 e6 8. Nc3 Ne7 9. Ne2 c5 10. Nf4 c4 11. Qd2 Nc7 12. b3 Nc6 13. a4 Bb4 14. Qe2 Bc3 15. Rb1 Nxd4 16. Qe3 Nxf3+ 17. Qxf3 Bxe5 18. bxc4 b6 19. cxd5 Bxf4 20. Bxf4 Nxd5 21. Rfd1 0-0 22. c4 Qe8 23. cxd5 e5 24. Rb4 exf4 25. Rxf4 Qd7 26. Ra1 Qd6 27. Rh4 Qe5 28. Rd1 Rfe8 29. Rh5 Qe1+ 0-1